| 000 | 00399nam a2200133 a 4500 | ||
|---|---|---|---|
| 005 | 20140412111348.0 | ||
| 008 | 050420s19uu xx 00 eng d | ||
| 050 |
_aER _bOn2 1988 |
||
| 245 |
_aI can count / _cIllustrated by Lynne N. Grundy. |
||
| 260 |
_aLeicestershire, UK : _bLadybird Books Ltd, _c1988. |
||
| 300 | _a1 v. (unp.) ; ill. | ||
| 650 |
_aCounting _xJuvenile literature |
||
| 999 |
_c105239 _d105239 |
||